|
|
|
|
| LEADER |
01197nam a2200265 a 4500 |
| 001 |
4012629 |
| 008 |
090518s1994 bg a bs 000 0 eng d |
| 010 |
|
|
|a 96900140
|
| 040 |
|
|
|a DLC
|c DLC
|
| 082 |
0 |
0 |
|a 362.1/095492
|2 20
|
| 100 |
1 |
|
|a Khan, M. R.
|q (Matiur Rahman),
|d 1938-
|
| 245 |
1 |
0 |
|a Sicknesses, diseases, treatments, and medical costs by socioeconomic variables in Bangladesh /
|c M.R. Khan.
|
| 260 |
|
|
|a Dhaka :
|b Bangladesh Institute of Development Studies,
|c 1994.
|
| 300 |
|
|
|a xii, 279 p. ;
|b ill. ;
|c 23 cm.
|
| 490 |
|
|
|a Research monograph ;
|v no. 15
|
| 500 |
|
|
|a Includes statistical tables.
|
| 504 |
|
|
|a Includes bibliographical references.
|
| 541 |
1 |
|
|e 00005405
|
| 650 |
|
0 |
|a Medical economics
|z Bangladesh
|x Statistics.
|
| 650 |
|
0 |
|a Health care costs
|z Bangladesh
|x Statistics.
|
| 650 |
|
0 |
|a Medical care
|x Utilization
|z Bangladesh
|x Statistics.
|
| 710 |
2 |
|
|a Bangladesh Institute of Development Studies.
|
| 852 |
4 |
|
|a Ayesha Abed Library
|j Generalshelf
|
| 999 |
|
|
|c 805
|d 805
|
| 952 |
|
|
|0 0
|1 0
|2 ddc
|4 0
|6 362_109549200000000_KHA_1994
|7 0
|8 NFIC
|9 743
|a BRACUL
|b BRACUL
|c GEN
|d 2009-05-18
|g 1410.00
|l 0
|o 362.1095492 KHA
|p 3010005405
|r 2009-05-18
|t 1
|w 2009-05-18
|y BK
|